Statistics for European Countries With The Most Emigrants

Click here to take the quiz!

General Stats

  • This quiz has been taken 68 times
  • The average score is 13 of 15

Answer Stats

TotalCountry% Correct
10,75 milRussia
100%
4,74 milUnited Kingdom
100%
2,34 milFrance
98%
3,86 milGermany
98%
4,82 milPoland
98%
9,78 milUkraine
97%
3,25 milItaly
95%
1,43 milSpain
95%
2,18 milPortugal
92%
3,99 milRomania
90%
1,67 milBulgaria
88%
1,48 milBelarus
81%
1,25 milAlbania
66%
1,15 milMoldova
64%
1,69 milBosnia and Herzegovina
63%

Score Distribution

Percentile by Number Answered

Percent of People with Each Score

Your Score History

You have not taken this quiz